000 01155nam a2200265Ia 4500
001 270.8-GRE ni vi (2729)
003 IT-MiSPE
008 171229s9999||||xx |||||||||||||| ||und||
040 _aIT-MiSPE
_cIT-MiSPE
041 _aITALIANO
100 _aGregorio di Nissa
_gsanti
240 _aDe virginitate (Perì parthenías); De virginitate (Perì parthenías)
245 0 _aLa verginità
250 _a1a ed. (v)
260 _aRoma
_bCittà Nuova
_c1976
300 _a294 p.
_c20 cm
490 _aTesti patristici
_v4
501 _aEdizioni San Paolo srl - Piazza Soncino, 5 - 20092 CINISELLO BALSAMO (MI) (non commercial uses only) ® Copyright 2018
520 _aSalvatore Lilla (intr., note)
700 _aGiovanni Crisostomo
700 _aSalvatore Lilla
_g(traduzione)
942 _cBK
957 _71
999 _a14731
_bNO
_g Copie: 1
_c346592
_d346592